000 00390nam a22001457a 4500
008 140207b xxu||||| |||| 00| 0 eng d
050 _aBX2182.2.L8213 1989
100 _aLubich, Chiara
_98515
245 _aBeyond Time
_cChiara Lubich
250 _a2nd.
260 _aMumbai
_bFocolare Movement
_c2002
300 _a121p. ;
_c19cm.
650 _aMeditation
_98516
942 _2lcc
_cMONOGRAPH
999 _c120002
_d120002